<?xml version="1.0" encoding="UTF-8"?>
<record
    xmlns:xsi="http://www.w3.org/2001/XMLSchema-instance"
    xsi:schemaLocation="http://www.loc.gov/MARC21/slim http://www.loc.gov/standards/marcxml/schema/MARC21slim.xsd"
    xmlns="http://www.loc.gov/MARC21/slim">

  <leader>01443nam a2200277   4500</leader>
  <datafield tag="040" ind1=" " ind2=" ">
    <subfield code="c">NSHS</subfield>
  </datafield>
  <datafield tag="082" ind1=" " ind2=" ">
    <subfield code="a">297.63</subfield>
    <subfield code="b">MAQ</subfield>
  </datafield>
  <datafield tag="111" ind1=" " ind2=" ">
    <subfield code="a">Maq&#x101;l&#x101;t-e-s&#x12B;rat</subfield>
    <subfield code="9">129990</subfield>
  </datafield>
  <datafield tag="245" ind1=" " ind2=" ">
    <subfield code="a">Maq&#x101;l&#x101;t-e-S&#x12B;rat / </subfield>
    <subfield code="c">tart&#x12B;b wa-muqaddamah Mu&#x1E25;ammad Mi&#x101;n &#x1E62;idd&#x12B;q&#x12B;, Shu&#x2018;bah da&#x2018;wat-o-irsh&#x101;d, Id&#x101;rah Ta&#x1E25;q&#x12B;q&#x101;t-i Isl&#x101;m&#x12B;, Isl&#x101;m&#x101;b&#x101;d, J&#x101;mi&#x2BF;ah Isl&#x101;miyyah.</subfield>
  </datafield>
  <datafield tag="246" ind1=" " ind2=" ">
    <subfield code="a">Sirat-un-Nabi</subfield>
  </datafield>
  <datafield tag="246" ind1=" " ind2=" ">
    <subfield code="a">Maqalat-e-Seerat</subfield>
  </datafield>
  <datafield tag="246" ind1=" " ind2=" ">
    <subfield code="a">Maqalat-i Seerat</subfield>
  </datafield>
  <datafield tag="246" ind1=" " ind2=" ">
    <subfield code="a">Seerat-i Nabi</subfield>
  </datafield>
  <datafield tag="246" ind1=" " ind2=" ">
    <subfield code="a">Seeratunnabi</subfield>
  </datafield>
  <datafield tag="246" ind1=" " ind2=" ">
    <subfield code="a">Seerat-un-nabi</subfield>
  </datafield>
  <datafield tag="260" ind1=" " ind2=" ">
    <subfield code="a">Isl&#x101;m&#x101;b&#x101;d:</subfield>
    <subfield code="b">Id&#x101;rah Ta&#x1E25;q&#x12B;q&#x101;t-i Isl&#x101;m&#x12B;,</subfield>
    <subfield code="c">1989</subfield>
  </datafield>
  <datafield tag="300" ind1=" " ind2=" ">
    <subfield code="a">222 pages.</subfield>
  </datafield>
  <datafield tag="500" ind1=" " ind2=" ">
    <subfield code="a">DC010725</subfield>
  </datafield>
  <datafield tag="500" ind1=" " ind2=" ">
    <subfield code="a">Religion</subfield>
  </datafield>
  <datafield tag="520" ind1=" " ind2=" ">
    <subfield code="a">Maq&#x101;l&#x101;t-e-S&#x12B;rat is a collection of scholarly articles and essays that explore various aspects of the life and character of the Prophet Muhammad (peace be upon him). The book highlights his teachings, moral conduct, leadership, and role as a reformer of society. Each article sheds light on how his example provides guidance for both individual and communal life. It is written to deepen the reader's understanding of the Prophet&#x2019;s Seerah (biography) and inspire love, respect, and practical application of his sunnah in daily life.</subfield>
  </datafield>
  <datafield tag="546" ind1=" " ind2=" ">
    <subfield code="a">In Urdu.</subfield>
  </datafield>
  <datafield tag="600" ind1=" " ind2=" ">
    <subfield code="a">Muhammad (Peace be Upon Him), Prophet</subfield>
    <subfield code="9">129607</subfield>
  </datafield>
  <datafield tag="700" ind1="1" ind2=" ">
    <subfield code="a">&#x1E62;idd&#x12B;q&#x12B;, Mu&#x1E25;ammad Mi&#x101;n</subfield>
    <subfield code="9">129944</subfield>
  </datafield>
  <datafield tag="942" ind1=" " ind2=" ">
    <subfield code="2">ddc</subfield>
    <subfield code="c">BK</subfield>
  </datafield>
  <datafield tag="999" ind1=" " ind2=" ">
    <subfield code="c">614426</subfield>
    <subfield code="d">614426</subfield>
  </datafield>
  <datafield tag="952" ind1=" " ind2=" ">
    <subfield code="0">0</subfield>
    <subfield code="1">0</subfield>
    <subfield code="2">ddc</subfield>
    <subfield code="4">0</subfield>
    <subfield code="7">0</subfield>
    <subfield code="a">NSHS</subfield>
    <subfield code="b">NSHS</subfield>
    <subfield code="d">2025-07-18</subfield>
    <subfield code="o">297.63 MAQ</subfield>
    <subfield code="p">NSHS-1995</subfield>
    <subfield code="r">2025-07-18</subfield>
    <subfield code="w">2025-07-18</subfield>
    <subfield code="y">BK</subfield>
  </datafield>
</record>
